000 00541nam a2200181Ia 4500
008 100917s9999 xx 000 0 und d
082 _b53449
100 _aदेवगिरीकर त्र्यंबक रघुनाथ
245 _aघटना परिषद
260 _bके. एस. गुप्ते
_c1946
300 _a127
365 _b2
520 _aइतिहास
630 _aघटना परिषद
650 _aइतिहास
730 _aघटना परिषद
942 _cBOOK
999 _c658843
_d658840